| 000 | 00433nam a2200169Ia 4500 | ||
|---|---|---|---|
| 003 | OSt | ||
| 005 | 20260324100155.0 | ||
| 008 | 211028s2019 xx 000 0 und d | ||
| 040 | _cAIMIT LIBRARY | ||
| 041 | _aeng | ||
| 100 |
_aKumar, Parjanya; Vanitha, T. _g171803 _95481 |
||
| 110 |
_aManimozhi R _95482 |
||
| 245 | _aEmployee self service / | ||
| 260 |
_aMangalore _c2019 |
||
| 710 |
_aKiyaan Infotech _95483 |
||
| 942 |
_2ddc _cPRO |
||
| 999 |
_c217920 _d217920 |
||